| 000 | 01168nam a22003257a 4500 | ||
|---|---|---|---|
| 003 | OSt | ||
| 005 | 20230607072016.0 | ||
| 008 | 221006b |||||||| |||| 00| 0 eng d | ||
| 040 | _cBiblioteca Lado V | ||
| 082 |
_a800 _bP419m |
||
| 100 |
_9270 _aPeña, Alfonso _eeditor |
||
| 245 | _aMaterika/ | ||
| 260 |
_aCosta Rica _bEdiciones Andromeda _c2004 |
||
| 300 |
_c15.5x21cm _a64p. |
||
| 366 | _espa | ||
| 490 |
_a9 _v2004 _x1409-3693 |
||
| 505 |
_aPoemas _rAdriano corrales |
||
| 505 | _aIndicios para una resitencia cultural | ||
| 505 | _a15 años de bocaraca | ||
| 505 | _aDel lado de aca... Del lado de alla... La mirada de Julio cortazar, entre continentes | ||
| 505 | _aPoemas | ||
| 505 | _aEntrevista a Floriano Martins | ||
| 505 | _aKinky and blissful, de Norbert Guthier, Cynthia Isakson | ||
| 650 |
_2Tesauro de Arte & Arquitectura _aPOESIA _9703 |
||
| 650 |
_2Tesauro de Arte & Arquitectura _aENTREVISTA _9702 |
||
| 650 |
_2Tesauro de Arte & Arquitectura _aLITERATURA _9702 |
||
| 650 |
_2Tesauro de Arte & Arquitectura _aNARRATIVA |
||
| 650 |
_2Tesauro de Arte & Arquitectura _aESPAÑOL |
||
| 942 |
_2ddc _c1 _h800 _iP419m _n0 |
||
| 999 |
_c3790 _d3790 |
||